Państwa które wygrały mistrzostwa świata w piłce nożnej - Statystyki

Ogólne statystyki
  • Ten quiz został rozwiązany 175 razy
  • Średni wynik to 14 z 15
Statystyki odpowiedzi
Rok mistrzostw Państwa % Poprawnych
2018 Francja
99%
1998 Francja
99%
2022 Argentyna
97%
1986 Argentyna
97%
1978 Argentyna
97%
2002 Brazylia
97%
1994 Brazylia
97%
1970 Brazylia
97%
2014 Niemcy
97%
1990 Niemcy
97%
1974 Niemcy
97%
2010 Hiszpania
93%
2006 Włochy
89%
1982 Włochy
89%
1966 Anglia
83%
Nie znaleziono quizów pasujących do podanych kryteriów
Rozkład punktacji
Procent ludzi z każdym wynikiem
Percentyl według liczby udzielonych odpowiedzi
Twoja historia wyników
Nie rozwiązałeś tego quizu